000 01316nam0a2200349 i 4500
001 RU\NLR\BIBL_A\012307195
005 20240922005652.0
010 _a9785389136434
_93000
021 _aRU
_b2020-20206
_9КН-П-1580
035 _a(RuMoRGB)010320789
035 _a(NLR Aleph) 012307195
090 _a11351676
_c11351676
100 _a20200803d2020 u y0rusy50 ca
101 1 _arus
_ceng
102 _aRU
105 _a bchz|||000zy
181 0 _ai
_baxxe
182 0 _an
200 1 _aИстория иудаизма
_fМартин Гудман
_g[перевод с английского Дмитрия Борока]
203 _aТекст
_bвизуальный
_cнепосредственный
210 _aМосква
_cКоЛибри
_cАзбука-Аттикус
_d2020
215 _a652, [2] с., [12] л. ил., цв. ил., портр., факс.
_cкарт., табл.
_d23
300 _aНа обороте тит. л. в аннот. авт.: Мартин Гудман, историк
320 _aБиблиогр. в примеч.: с. 593-638
333 _a18+
606 1 _aИудаизм
_xИстория
_9952524
_3RU\NLR\AUTH\6635500
686 1 _aЭ36-3
700 1 _aГудман
_bМ.
_gМартин
942 _cBOOK
980 _aNBR